| 000 | 00884cam a22002411 4500 | ||
|---|---|---|---|
| 001 | 000019176 | ||
| 005 | 20200929165935.0 | ||
| 008 | 790807s1961 cu 000 0 spa c | ||
| 040 |
_aDO-SdBNP _cKU _dDLC _dBNPHU |
||
| 082 |
_a972.91063 _bR741c |
||
| 100 | 1 |
_aRoig de Leuchsenring, Emilio, _d1889-1964. _941278 |
|
| 245 | 1 | 0 |
_aCuba no debe su independencia a los Estados Unidos / _cEmilio Roig de Leuchsenring. |
| 250 | _a4a ed. | ||
| 260 |
_aHabana : _bOficina del Historiador de la Ciudad de la Habana, _c1961. |
||
| 300 |
_a105 p. ; _c20 cm. |
||
| 500 | _aIncluye bibliografía p.[101-104]. | ||
| 651 | 4 |
_aCuba _xHistoria _9493 |
|
| 651 | 4 |
_aCuba _xHistoria _yREVOLUCIÓN, 1895-1898. _93989 |
|
| 651 | 4 |
_aCuba _xRelaciones Exteriores _zEstados Unidos _95938 |
|
| 651 | 4 |
_aEstados Unidos _xRelaciones Exteriores _zCuba _916233 |
|
| 910 | _aCatalogación derivada / LC | ||
| 049 | _aBNGR | ||
| 999 |
_c18694 _d18694 |
||